000 00286nam a2200085Ia 4500
008 220204s9999 xx 000 0 und d
082 _a347.998.4:06.055.5
_bKER
245 0 _aKerala administration report of the labour department industrial tribunals and labour court. 1958-1966
942 _cBK
999 _c21986
_d21986